• 首页
  • 本馆介绍
  • 公告通知
  • 最新文献
  • 馆藏检索
  • 电子资源
  • 读者导购
  • 参考咨询
  • 我的图书馆
  • 登录
  • 详细信息显示
  • 放入我的书架
  • 预约/预借图书
  • 作者相关作品
  • 分类相关作品
  • 丛书相关作品
  • 出版社相关作品

书目信息

  • 表格格式
  • 工作单格式
  • 卡片格式
题名:
现代汉语
    
 
作者: ;上海教育学院 编著
分册: 下  
出版信息: 福州   福建人民教育出版社  1980
页数: 290页
开本: 19cm
丛书名:
单 册:
中图分类: H109.4 , H1
科图分类:
主题词: 汉语--高等师范教育--自学参考资料
电子资源:
ISBN:
000 00662nam2 2200241 45
001 1572095406
005 20150128074552.85
010    @dCNY0.87
091    @aCN@b7159.534
100    @a19950405d1980 em y0chiy0121 ea
101 0  @achi
102    @aCN@b350000
105    @ay z 000yy
200 10 @a现代汉语@Axian dai han yu@h下@f上海教育学院编著
210    @a福州@c福建人民教育出版社@d1980
215    @a290页@d19cm
300    @a中学教师进修教材
606    @a汉语@x高等师范教育@x自学参考资料
690    @aH109.4@v3
690    @aH1@v4
711 02 @a上海教育学院@Ashang hai jiao yu xue yuan@4编著
801  0 @aCN@bTSSF@c20150128
905    @aZUCC@dH1@eJY20:2
    
    现代汉语.下/上海教育学院编著.-福州:福建人民教育出版社,1980
    290页;19cm
    中学教师进修教材
    
    ISBN :CNY0.87
    
●
相关链接 在E读中查询图书 在五车中查询图书 在当当中查询图书 在豆瓣中查询图书


正题名:现代汉语     索取号:H1/JY20:2         预约/预借

序号 登录号 条形码 馆藏地/架位号 状态 备注
1 7842147   278421478   学院路分馆/ [索取号:H1/JY20:2] 在馆    
唐山师范学院图书馆 欢迎您!
大连网信软件有限公司© 版权所有